| 000 | 00553nam a22001097a 4500 | ||
|---|---|---|---|
| 008 | 110616t xxu||||| |||| 00| 0 eng d | ||
| 010 | _aCACAF-42 | ||
| 245 | _aCourt of Appeal Criminal Appeal No. 61 of 1998. Asuman Wanyama Vs Uganda. | ||
| 260 | _c1998 | ||
| 500 | _aCORAM: Hon.Lady Justice E.A. Mpagi-Bahigeine, J.A. Hon. Mr. Justice S.G. Engwau, J.A.& Hon. Lady Justice C.N.B. Kitumba, J.A. | ||
| 500 | _aAppeal arising from Conviction and sentence by the High Court of Uganda sitting at Mbale Kania J dated 9.11.1998 in Cr. Session Case No. MM 252 OF 1995. | ||
| 999 |
_c3115 _d3115 |
||